[Event "TCh-RUS Premier"]
[Site "Olginka RUS"]
[Date "2011.04.17"]
[Round "6"]
[White "Areshchenko,A"]
[Black "Malaniuk,V"]
[Result "1/2-1/2"]
[WhiteElo "2687"]
[BlackElo "2494"]

1.e4 d6 2.d4 Nf6 3.Nc3 e5 4.Nf3 Nbd7 5.Bc4 Be7 6.O-O O-O 7.Re1 c6 8.a4 exd4
9.Nxd4 Ne5 10.Bf1 Re8 11.h3 Ng6 12.g3 Bf8 13.Bg2 Bd7 14.f4 Qc7 15.Kh2 Rad8
16.Nf3 b6 17.f5 Ne5 18.Nxe5 dxe5 19.Qf3 Bc8 20.g4 Kh8 21.Ne2 Ba6 22.g5 Ng8
23.Be3 f6 24.g6 h6 25.Ng3 Rd7 26.Bf1 Bxf1 27.Qxf1 Red8 28.Red1 b5 29.Rxd7 Rxd7
30.axb5 cxb5 31.Qf2 a5 32.Bb6 Qc6 33.Bxa5 Bc5 34.Qe1 b4 35.h4 Qb5 36.Kh3 Ra7
37.Bd8 Rd7 38.Ba5 Ra7 39.Bd8 Rd7 40.Ra8 Qb7 41.Qa1 Bf2 42.Qa4 Bxg3 43.Kxg3 Qxe4
44.Qxd7 Qe3+  1/2-1/2

[Event "TCh-HUN 2010-11"]
[Site "Paks HUN"]
[Date "2011.04.17"]
[Round "9"]
[White "Cao,S"]
[Black "Predojevic,B"]
[Result "1/2-1/2"]
[WhiteElo "2535"]
[BlackElo "2624"]

1.e4 d6 2.d4 Nf6 3.Nc3 e5 4.Nf3 Nbd7 5.Bc4 Be7 6.O-O O-O 7.Re1 c6 8.a4 a5
9.Bb3 exd4 10.Nxd4 Nc5 11.Bf4 Re8 12.h3 Qb6 13.Qf3 Nxb3 14.Nxb3 Be6 15.Be3 Qb4
16.Nd4 Bf8 17.Nce2 d5 18.e5 Ne4 19.c3 Qe7 20.Ng3 Bd7 21.Bf4 Nxg3 22.Qxg3 Qd8
23.Qd3 Qb6 24.Re2 Qa6 25.Qd1 c5 26.Nf3 Qg6 27.Bg3 Bc6 28.Rd2 Rad8 29.Nh4 Qe6
30.f4 d4 31.Kh2 Qd5 32.cxd4 cxd4 33.Nf5 Qe4 34.Qg4 g6 35.Nd6 Bxd6 36.exd6 Rxd6
37.Re1 Qf5 38.Rxe8+ Bxe8 39.Qxf5 gxf5 40.Rd3 Bxa4 41.Bf2 Bc6 42.Rxd4 Rxd4
43.Bxd4 Kf8 44.Bb6 a4 45.g4 Ke7 46.Kg3 Ke6 47.Kf2 Kd5 48.Ke3 Bd7 49.g5 Kc4
50.Kd2 Bc6 51.h4 Bf3 52.Kc2 Bg4 53.Kd2 Kb3 54.Bd4 Bf3 55.Be5 Kc4 56.Ke3 Bg4
57.Kd2 b5 58.Bf6 b4 59.Be5 Bf3 60.Bf6 Kd5  1/2-1/2

[Event "TCh-SUI 2011"]
[Site "Switzerland SUI"]
[Date "2011.04.17"]
[Round "3.4"]
[White "Vogt,L"]
[Black "Ambrosini,N"]
[Result "1-0"]
[WhiteElo "2413"]
[BlackElo "2250"]

1.e4 d6 2.d4 Nf6 3.Nc3 e5 4.Nf3 Nbd7 5.Bc4 Be7 6.O-O O-O 7.Re1 c6 8.a4 Qc7
9.b3 Re8 10.Bb2 h6 11.h3 Nf8 12.Bf1 Ng6 13.g3 b6 14.d5 cxd5 15.Nxd5 Nxd5
16.Qxd5 Bb7 17.Qd3 Nf8 18.a5 bxa5 19.Qc3 Rec8 20.Qxc7 Rxc7 21.Bc4 Nd7 22.Rxa5 Nb6
23.Bd3 f5 24.c4 Nd7 25.Ba3 fxe4 26.Bxe4 Nf6 27.Bxb7 Rxb7 28.Nd2 Rc8 29.Ra6 Nd7
30.Bxd6 Nc5 31.Bxc5 Bxc5 32.Rxe5 Bd4 33.Rd5 Bc3 34.Ne4 Rxb3 35.Rxa7 Bb2 36.Kg2 Rb4
37.Nd6 Rc6 38.h4 Rbb6 39.c5 Rb4 40.h5 Bd4 41.Ra8+ Kh7 42.Nf7 g6 43.Rd7  1-0

[Event "TCh-SUI 2011"]
[Site "Switzerland SUI"]
[Date "2011.04.17"]
[Round "3.8"]
[White "Meyer,Harv"]
[Black "Maeser,F"]
[Result "0-1"]
[WhiteElo "2197"]
[BlackElo "2282"]

1.e4 d6 2.d4 Nf6 3.Nc3 e5 4.dxe5 dxe5 5.Qxd8+ Kxd8 6.Bg5 Be6 7.Nd5 Nd7 8.O-O-O Kc8
9.f3 c6 10.Nc3 h6 11.Be3 Bc5 12.Bxc5 Nxc5 13.h4 Kc7 14.g3 g5 15.Bg2 Rag8
16.Nge2 Nh5 17.g4 Nf4 18.Nxf4 gxf4 19.Rdg1 a5 20.a4 f6 21.Bf1 Rg7 22.b3 Rhg8
23.h5 Rb8 24.Be2 Rd7 25.Rd1 Rbd8 26.Rxd7+ Rxd7 27.Rd1 Rxd1+ 28.Kxd1 Kd6 29.Kd2 Nd7
30.Nd1 Nf8 31.Nb2 Nh7 32.Bc4 Ng5 33.Ke2 Bd7 34.Bg8 b5 35.Nd3 Bc8 36.c4 bxa4
37.bxa4 Ke7 38.Nc5 Kf8 39.Bd5 cxd5 40.exd5 Ke7 41.Nb3 Ba6 42.Nxa5 Kd6 43.Kf2 Kc5
44.Nc6 Bxc4 45.Ne7 Bxd5 46.a5 Bxf3 47.Ng8 e4 48.Nxh6 e3+ 49.Ke1 Be4  0-1

[Event "TCh-HUN 2010-11"]
[Site "Szombathely HUN"]
[Date "2011.04.17"]
[Round "9"]
[White "Petrik,T"]
[Black "Horvath,Jo2"]
[Result "0-1"]
[WhiteElo "2528"]
[BlackElo "1985"]

1.e4 d6 2.d4 Nf6 3.Nc3 e5 4.Nf3 Nbd7 5.Bc4 Be7 6.O-O O-O 7.Re1 c6 8.a4 exd4
9.Nxd4 Ne5 10.Ba2 Re8 11.h3 Bd7 12.Bf4 Qa5 13.Qd2 Bd8 14.Rad1 Qb4 15.Bg5 a5
16.f4 Nc4 17.Bxc4 Qxc4 18.Kh1 h6 19.Bh4 Nxe4 20.Rxe4 Bxh4 21.Ne6 Bxe6 22.Rxc4 Bxc4
23.g3 Bf6 24.Re1 d5 25.b3 Ba6 26.Nd1 b6 27.Nf2 h5 28.Nd3 Bxd3 29.Rxe8+ Rxe8
30.Qxd3 g6 31.Kg2 Kg7 32.c3 Re1 33.Qa6 d4 34.cxd4 Bxd4 35.Qc4 c5 36.Qb5 Re6
37.g4 h4 38.f5 gxf5 39.gxf5 Rd6 40.Qe2 Bf6 41.Qg4+ Kf8 42.Qf4 Ke7 43.Qe4+ Kf8
44.Qb7 Kg7 45.Qc7 Be5 46.Qe7 Rd2+ 47.Kf1 Bf6 48.Qc7 Rb2 49.Qxb6 Rb1+ 50.Ke2 c4
51.Qc6 Rb2+ 52.Ke3 cxb3 53.Qc4 Rg2 54.Qe4 Rg3+ 55.Kf2 b2 56.Kf1 Rb3 57.Qb1 Ra3
58.Kg2 Ra1 59.Qe4 b1=Q 60.Qg4+ Kf8  0-1

[Event "Zagreb Open B"]
[Site "Zagreb CRO"]
[Date "2011.04.17"]
[Round "8.1"]
[White "Vadla,Z"]
[Black "Basaric,S"]
[Result "0-1"]
[WhiteElo "2156"]
[BlackElo "2166"]

1.e4 d6 2.d4 Nf6 3.Nc3 Nbd7 4.Nf3 e5 5.Bc4 Be7 6.Bxf7+ Kxf7 7.Ng5+ Kg8 8.Ne6 Qe8
9.Nxc7 Qg6 10.Nxa8 Qxg2 11.Rf1 exd4 12.Qxd4 Ne5 13.f4 Nfg4 14.Ne2 Bh4+ 15.Ng3 Nxh2  0-1

[Event "34th Open"]
[Site "Donostia ESP"]
[Date "2011.04.18"]
[Round "3"]
[White "Fuente San Sebastian,E"]
[Black "Valenti,G"]
[Result "0-1"]
[WhiteElo "1879"]
[BlackElo "2143"]

1.e4 d6 2.d4 Nf6 3.Nc3 e5 4.dxe5 dxe5 5.Qxd8+ Kxd8 6.Bg5 c6 7.Bc4 Ke8 8.Nf3 b5
9.Bxf6 gxf6 10.Nxb5 Na6 11.Nc3 Bb4 12.O-O-O Nc5 13.Nd2 Rg8 14.g3 Rb8 15.f3 Bxc3
16.bxc3 Na4 17.Nb1 Nb2 18.Na3 Nxd1 19.Rxd1 Ke7 20.Bb3 Be6 21.Nc4 Bxc4 22.Bxc4 Rgd8
23.Rd3 h5 24.Bb3 Rg8 25.Kd2 Rg5 26.Ke2 f5 27.exf5 Rxf5 28.Ke3 Rg5 29.f4 exf4+
30.Kxf4 Rbb5 31.Re3+ Kf8 32.Kf3 Rbf5+ 33.Kg2 Re5 34.Rf3 Ref5 35.Rxf5 Rxf5
36.Ba4 Rc5 37.Kh3 Rxc3 38.Bb3 Kg7 39.Kh4 Rc5 40.h3 a5 41.a4 f6 42.g4 hxg4
43.hxg4 Rc3 44.g5 fxg5+ 45.Kxg5 c5  0-1

[Event "13th Dubai Open"]
[Site "Dubai UAE"]
[Date "2011.04.18"]
[Round "9"]
[White "Huschenbeth,N"]
[Black "Gagunashvili,M"]
[Result "1-0"]
[WhiteElo "2465"]
[BlackElo "2599"]

1.e4 d6 2.d4 Nf6 3.Nc3 e5 4.Nf3 Nbd7 5.Bc4 Be7 6.O-O O-O 7.Re1 c6 8.a4 b6
9.Ba2 a6 10.h3 Rb8 11.Be3 b5 12.axb5 axb5 13.b4 Qc7 14.Bb3 c5 15.bxc5 dxc5
16.dxe5 Nxe5 17.Nxe5 Qxe5 18.Qd2 Rb7 19.Bf4 Qh5 20.e5 c4 21.exf6 Bxf6 22.Ra8 cxb3
23.Qd6 Qf5 24.Nd5 Rd7 25.Nxf6+ Qxf6 26.Qc5 Rdd8 27.Bg5 Qd4 28.Rxc8 f6 29.Be3 Qxc5
30.Rxc5  1-0

[Event "Caissa IM April 2011"]
[Site "Kecskemet HUN"]
[Date "2011.04.18"]
[Round "3.3"]
[White "Antal,T"]
[Black "Baldursson,Hr"]
[Result "1-0"]
[WhiteElo "2291"]
[BlackElo "2129"]

1.e4 d6 2.d4 Nf6 3.Nc3 c6 4.Nf3 Bg4 5.Be2 Nbd7 6.Be3 e5 7.h3 Bxf3 8.Bxf3 Be7
9.O-O O-O 10.a4 a5 11.Be2 d5 12.exd5 Nxd5 13.Nxd5 cxd5 14.dxe5 Nxe5 15.Bb5 Rc8
16.b3 Bb4 17.Bd4 Bc3 18.Bxc3 Rxc3 19.Qd4 Qc7 20.Rfe1 Ng6 21.Rad1 Rxc2 22.Qxd5 Qf4
23.Qd4 Qg5 24.g3 f6 25.h4 Qh6 26.Bc4+ Kh8 27.Qd3 Ra2 28.Qd8 Qh5 29.Re8 Qxd1+
30.Qxd1 Rxe8 31.Qd7 Ra1+ 32.Kg2 Rae1 33.Qxb7 Ne5 34.Qb5 Nxc4 35.bxc4 R1e5
36.c5 Rc8 37.Qxa5 Rexc5 38.Qb6 R5c6 39.Qb5 R6c7 40.Qb6 h6 41.a5 Re7 42.Qa6 Rcc7
43.Qa8+ Kh7 44.a6 Ra7 45.Qc6 Kg6 46.g4 Kf7 47.Qc4+ Re6 48.f4 Rxa6 49.f5 Rc6
50.fxe6+ Rxe6 51.Kf3 Ke7 52.Qc7+ Kf8 53.Qc8+ Re8 54.Qd7 Re5 55.h5 Rg5 56.Qd8+ Kf7
57.Qh8 f5 58.gxf5 Rxf5+ 59.Kg4 Rg5+ 60.Kh4 Rf5 61.Qd8 Rf4+ 62.Kg3 Rf6 63.Kg4 Re6
64.Qd7+ Kf6 65.Kf4 Re1 66.Qf5+ Ke7 67.Qc5+ Kf7 68.Qc4+ Ke8 69.Qg8+  1-0

[Event "Caissa IM April 2011"]
[Site "Kecskemet HUN"]
[Date "2011.04.18"]
[Round "3.2"]
[White "Varga,Kl"]
[Black "Sahu,Se"]
[Result "0-1"]
[WhiteElo "2148"]
[BlackElo "2233"]

1.d4 Nf6 2.Nc3 d6 3.e4 c6 4.Be3 Ng4 5.Nf3 Nxe3 6.fxe3 Qb6 7.Rb1 e5 8.Bc4 Be7
9.O-O O-O 10.dxe5 Qxe3+ 11.Kh1 Qc5 12.exd6 Bxd6 13.Bb3 Bc7 14.e5 Qe7 15.Ne4 Bg4
16.Neg5 Bxf3 17.Qxf3 Qxg5 18.Qxf7+ Rxf7 19.Rxf7 h6 20.Rf5+ Kh7 21.Rxg5 hxg5
22.e6 Na6 23.Rf1 Bd6 24.Rf7 Rf8  0-1

[Event "Schackstudion GM"]
[Site "Lund SWE"]
[Date "2011.04.18"]
[Round "5"]
[White "Brandenburg,D"]
[Black "Semcesen,D"]
[Result "1/2-1/2"]
[WhiteElo "2527"]
[BlackElo "2449"]

1.e4 d6 2.d4 Nf6 3.Nc3 Nbd7 4.Nf3 e5 5.Bc4 Be7 6.O-O O-O 7.a4 c6 8.Re1 b6
9.h3 Bb7 10.Ba2 a6 11.dxe5 dxe5 12.Nh4 Nc5 13.Nf5 Bc8 14.Qf3 Bxf5 15.Qxf5 Qc7
16.Bd2 Rad8 17.Be3 a5 18.Rad1 Rxd1 19.Rxd1 g6 20.Qf3 Rd8 21.Bxc5 bxc5 22.Bc4 Kg7
23.b3 Rd4 24.Rd3 Bd8 25.g3 h5 26.h4 Qe7 27.Kg2 Bc7 28.Qd1 Qd7 29.f3 Rxd3
30.Qxd3 Qxd3 31.Bxd3 Ne8 32.Nd1 Nd6 33.Nb2 f6 34.Bc4 Kf8 35.Kh3 Ke7 36.g4 hxg4+
37.Kxg4 Bd8 38.Nd3 Bb6 39.h5 gxh5+ 40.Kxh5 f5 41.Nxe5 fxe4 42.f4 e3 43.Bd3 Ke6
44.Nf3 Nf5 45.Kg6 Ne7+ 46.Kg5 Bd8 47.Kg4 Nd5 48.Ng5+ Ke7 49.Kf3 Bc7 50.Nh3 Kf6
51.Be4 Nxf4 52.Nxf4 Bxf4 53.Bxc6 Ke5 54.Bb5 Bh6 55.Ke2 Kd4 56.Bd3 Kc3 57.Kd1 Kd4
58.Ke2 Kc3 59.Kd1  1/2-1/2

[Event "Schackstudion GM"]
[Site "Lund SWE"]
[Date "2011.04.18"]
[Round "5"]
[White "Smith,Ax"]
[Black "Schmidt Schaeffer,S"]
[Result "1/2-1/2"]
[WhiteElo "2452"]
[BlackElo "2410"]

1.e4 d6 2.d4 Nf6 3.Nc3 Nbd7 4.Nf3 e5 5.Bc4 Be7 6.O-O O-O 7.a4 c6 8.Re1 b6
9.h3 a6 10.Ba2 Rb8 11.Be3 b5 12.axb5 axb5 13.b4 Qc7 14.Bb3 exd4 15.Bxd4 Ne5
16.Qe2 Nfd7 17.Ra7 Rb7 18.Rea1 Nb6 19.Rxb7 Bxb7 20.Nd2 Bc8 21.f4 Ng6 22.Qf2 Nd7
23.Re1 Qd8 24.Ba2 c5 25.Be3 Ba6 26.Nd5 c4 27.c3 Bb7 28.Bb1 Bxd5 29.exd5 Nf6
30.Be4 Nxe4 31.Nxe4 f5 32.Ng3 Bh4 33.Kh2 Qa8 34.Rd1 Re8 35.Qf3 Bxg3+ 36.Qxg3 Qa4
37.Re1 Qc2 38.Bc5 Rxe1 39.Qxe1 dxc5 40.Qe6+ Kf8 41.Qc8+ Kf7 42.Qe6+ Kf8 43.Qc8+ Kf7
44.Qe6+  1/2-1/2

[Event "XLII Abierto Internacional"]
[Site "Mar del Plata ARG"]
[Date "2011.04.18"]
[Round "4.40"]
[White "Torres,Fer"]
[Black "Lopez Sant Andrea,Javier"]
[Result "1-0"]
[WhiteElo "1924"]
[BlackElo "2111"]

1.e4 d6 2.d4 Nf6 3.Nc3 c6 4.f4 Qa5 5.Bd3 e5 6.Nf3 Bg4 7.dxe5 dxe5 8.O-O Bc5+
9.Kh1 Nbd7 10.h3 Bxf3 11.Qxf3 O-O 12.f5 Rfe8 13.g4 Nf8 14.g5 N6d7 15.g6 b5
16.a4 fxg6 17.fxg6 Nf6 18.Bh6 Qd8 19.gxh7+ N8xh7 20.Qg2 Qe7 21.axb5 Kh8 22.Bg5 Nxg5
23.Qxg5 cxb5 24.Nd5 Nxd5 25.Qh5+ Kg8 26.exd5 e4 27.Bxb5 Rec8 28.Ba6 Bd6 29.Bxc8 Rxc8
30.c3 e3 31.Rae1 Qe4+ 32.Rf3 Rf8 33.Kg2 Qc2+ 34.Kf1 e2+ 35.Kg2 Qe4 36.Qg4 Qxd5
37.Rxe2 Rxf3 38.Qxf3 Qg5+ 39.Kf1 Bc5 40.Re8+ Kh7 41.Qd3+ g6 42.Qd7+  1-0

[Event "ch-BLR Junior"]
[Site "Minsk BLR"]
[Date "2011.04.18"]
[Round "4"]
[White "Kovalev,Vl"]
[Black "Siagodnik,A"]
[Result "1/2-1/2"]
[WhiteElo "2381"]
[BlackElo "2164"]

1.e4 d6 2.d4 Nf6 3.Nc3 e5 4.Nf3 Nbd7 5.Bc4 Be7 6.O-O O-O 7.a4 c6 8.Re1 b6
9.d5 cxd5 10.Nxd5 Bb7 11.c3 Rc8 12.Bb3 Nc5 13.Nxf6+ Bxf6 14.Bd5 Qc7 15.Re3 Ne6
16.g3 Rfd8 17.b4 Bxd5 18.Qxd5 Qe7 19.Bb2 Nc7 20.Qb3 d5 21.Rae1 Qe6 22.exd5 Nxd5
23.Re4 Nxc3 24.Qxe6 fxe6 25.Bxc3 Rxc3 26.Nxe5 Bxe5 27.Rxe5 Rc4 28.R5e4 Rxe4
29.Rxe4 Kf7 30.Kg2 Kf6 31.h4 Rd2 32.Rf4+ Kg6 33.Rg4+ Kf6 34.Rf4+ Kg6 35.Kf3 Ra2
36.b5 h6  1/2-1/2

[Event "ch-FRA u16b"]
[Site "Montlucon FRA"]
[Date "2011.04.18"]
[Round "2.6"]
[White "Bernard,Alien"]
[Black "Aubry,Y"]
[Result "1/2-1/2"]
[WhiteElo "1893"]
[BlackElo "2078"]

1.e4 d6 2.d4 Nf6 3.Nc3 e5 4.dxe5 dxe5 5.Qxd8+ Kxd8 6.Nf3 Bd6 7.Bc4 Ke7 8.Bg5 c6
9.O-O-O Bc7 10.h3 Nd7 11.Rhe1 b5 12.Bxb5 Bb7 13.Bc4 Nb6  1/2-1/2

[Event "Branko Vukmanovic Mem Open"]
[Site "Tivat MNE"]
[Date "2011.04.18"]
[Round "3.22"]
[White "Draskovic,L"]
[Black "Sirletti,S"]
[Result "0-1"]
[WhiteElo "2129"]
[BlackElo "1907"]

1.e4 d6 2.d4 Nf6 3.Nc3 Nbd7 4.Nf3 e5 5.Bc4 Be7 6.O-O O-O 7.h3 a6 8.a4 b6
9.Re1 Bb7 10.b3 c6 11.dxe5 dxe5 12.Bb2 Qc7 13.Qd2 Bb4 14.Qg5 b5 15.Bf1 Rfe8
16.Qe3 Nc5 17.Nd2 Ne6 18.Bd3 Bc5 19.Qg3 Nf4 20.Ne2 N6h5 21.Qf3 Re6 22.Nxf4 Nxf4
23.Bf1 Rf6 24.Re3 Nd5 25.Qe2 Rxf2 26.Kxf2 Nxe3 27.Kg3 Nxc2 28.Rc1 Nd4 29.Qd1 Qe7
30.Kh2 Rd8 31.Nf3 Nxf3+ 32.Qxf3 Bd4 33.Qe2 h6 34.Rc2 Qb4  0-1

[Event "Zagreb Open B"]
[Site "Zagreb CRO"]
[Date "2011.04.18"]
[Round "9.6"]
[White "Petrusic,T"]
[Black "Lasic,L"]
[Result "1-0"]
[WhiteElo "2164"]
[BlackElo "2209"]

1.e4 d6 2.d4 Nf6 3.Nc3 Nbd7 4.Nf3 e5 5.Bc4 Be7 6.O-O O-O 7.Re1 c6 8.a4 a5
9.h3 Qc7 10.Qe2 h6 11.Be3 Re8 12.Rad1 Bf8 13.dxe5 dxe5 14.Nh4 Nb6 15.Bb3 Be6
16.Qf3 Bxb3 17.cxb3 Nbd7 18.Nf5 Kh7 19.g4 Re6 20.Kh2 g6 21.g5 hxg5 22.Bxg5 gxf5
23.Qxf5+ Kh8 24.Rxd7 Nxd7 25.Qxf7 Rae8 26.Rg1 Bg7 27.Bd8 R8e7 28.Bxe7  1-0

[Event "34th Open"]
[Site "Donostia ESP"]
[Date "2011.04.19"]
[Round "4"]
[White "Krulich,R"]
[Black "Smith,Mat"]
[Result "0-1"]
[WhiteElo "2225"]
[BlackElo "2019"]

1.e4 d6 2.d4 Nf6 3.Nc3 Nbd7 4.Be3 e5 5.f3 Be7 6.Nge2 c6 7.g4 h5 8.g5 Nh7
9.h4 Nb6 10.Qd3 Qc7 11.O-O-O Nf8 12.f4 exd4 13.Bxd4 Rg8 14.e5 d5 15.f5 g6
16.Bh3 Bd7 17.e6 fxe6 18.f6 Bd6 19.f7+ Kxf7 20.Qf3+ Ke8 21.Rhf1 Bc8 22.Bxb6 axb6
23.Nd4 Rg7 24.Qe3 Re7 25.Rd2 e5 26.Ndb5 cxb5 27.Nxd5 Qc5 28.Nf6+ Kd8 29.Rxd6+ Kc7
30.Rd3 Qxe3+ 31.Rxe3 Bxh3 32.Rxh3 Rd8 33.Rc3+ Kb8 34.Nd5 Re6 35.Nc7 Rc6 36.Nxb5 Rxc3
37.bxc3 Ne6 38.Re1 Rd5 39.c4 Rc5 40.Kb2 Kc8 41.Kb3 Nf4 42.Nd6+ Kd7 43.Rd1 Ke7
44.Nxb7 Rc7 45.Nd6 Ng2 46.Nb5 Rd7 47.Rh1 Ke6 48.Rh2 Nf4 49.Nc3 Kf5 50.Na4 Rd6
51.Kb4 e4 52.Nc3 e3 53.Kb5 Kg4 54.a4 Kg3 55.Rh1 Kg2 56.Ra1 e2 57.c5 bxc5
58.a5 Rd2 59.a6 Nd5 60.Nxd5 Rxd5 61.c4 Rd1 62.Ra2 Kf1 63.Rxe2 Kxe2 64.Kxc5 Kd3
65.Kd5 Ra1 66.c5 Rxa6 67.c6 Ra8 68.Ke5 Rc8 69.Kd6 Ke4 70.c7 Kf5  0-1

[Event "4th Pedro Montalvo Mem"]
[Site "Las Palmas ESP"]
[Date "2011.04.19"]
[Round "2"]
[White "Machin Arbelo,P"]
[Black "Del Rey,D"]
[Result "0-1"]
[WhiteElo "2057"]
[BlackElo "2364"]

1.e4 d6 2.d4 Nf6 3.Nc3 Nbd7 4.Nf3 e5 5.Bc4 Be7 6.O-O Nb6 7.Bb3 exd4 8.Qxd4 O-O
9.h3 a5 10.a4 Nfd7 11.Nd5 Nxd5 12.exd5 Bf6 13.Qf4 Nc5 14.Bc4 Re8 15.Bb5 Bd7
16.Bxd7 Qxd7 17.Qg4 Qxg4 18.hxg4 h6 19.Rd1 Re4 20.g5 hxg5 21.Bxg5 Bxb2 22.Rab1 Nxa4
23.Rd3 b6 24.Be3 Bf6 25.Nd2 Rb4 26.Nb3 Nc3 27.Re1 Re8 28.Bd2 Rxe1+ 29.Bxe1 Rc4
30.Nd2 Rc5 31.Nb3 Ne2+ 32.Kf1 Rxc2 33.Bd2 a4 34.Kxe2 axb3 35.Kd1 Rb2 36.Kc1 Kf8
37.f4 Rc2+ 38.Kd1 Rc5  0-1

[Event "12th TCh-RUS Women"]
[Site "Olginka RUS"]
[Date "2011.04.19"]
[Round "4"]
[White "Munguntuul,B"]
[Black "Kharashuta,E"]
[Result "1-0"]
[WhiteElo "2434"]
[BlackElo "2270"]

1.e4 d6 2.d4 Nf6 3.Nc3 e5 4.Nf3 Nbd7 5.Be2 Be7 6.O-O O-O 7.Re1 c6 8.a4 a5
9.b3 Re8 10.Bf1 Qc7 11.Ba3 Nf8 12.h3 Ng6 13.Qd2 h6 14.Rad1 Bd7 15.d5 c5 16.Nb5 Qc8
17.Qc3 Nf4 18.Nd2 Qd8 19.Bc1 N6h5 20.Qf3 g6 21.Nc4 f5 22.Nbxd6 Rf8 23.exf5 Bxd6
24.Nxd6 Qf6 25.Ne4 Qxf5 26.Kh2 Ng7 27.Nxc5 Qxc2 28.Nxd7 Nxg2 29.Nxf8 Nxe1
30.Qe2 Rxf8 31.Qxe1 Rxf2+ 32.Kg1 Rf3 33.d6 Qxb3 34.d7 Qb6+ 35.Kh1 Rf8 36.Qxe5 Rd8
37.Bb2 Qc6+ 38.Bg2  1-0

[Event "34th Open"]
[Site "Donostia ESP"]
[Date "2011.04.20"]
[Round "5"]
[White "Etchegaray,P"]
[Black "Prosviriakov,V"]
[Result "1-0"]
[WhiteElo "2394"]
[BlackElo "2254"]

1.e4 d6 2.d4 Nf6 3.Nc3 e5 4.Nf3 Nbd7 5.Bc4 Be7 6.O-O O-O 7.Re1 c6 8.a4 h6
9.Ba2 Re8 10.h3 Qc7 11.Be3 Nf8 12.Qd2 Be6 13.Bxe6 Nxe6 14.Rad1 a6 15.d5 cxd5
16.exd5 Nc5 17.Qe2 Bf8 18.Nd2 Rac8 19.Qf3 Ncd7 20.Ra1 g6 21.a5 Bg7 22.Ra4 Nh5
23.g4 Nf4 24.Nc4 Nc5 25.Bxc5 Qxc5 26.Ne4 Qxd5 27.Ncxd6 f5 28.Nxe8 Rxe8 29.gxf5 Qc6
30.Qb3+ Kh8 31.f6 Bxf6 32.Qf7 Nxh3+ 33.Kh2 Ng5 34.Qxf6+ Qxf6 35.Nxf6 Re6
36.Kg2 Rxf6 37.Rxe5 Ne6 38.Rb4 Nf4+ 39.Kh2 Rf7 40.Rbe4 Kg7 41.Re7 Nd5 42.Rxf7+ Kxf7
43.Kg3 Kf6 44.f4 h5 45.Re8 Ne7 46.Rb8 Nf5+ 47.Kf3 Nd6 48.b3 g5 49.fxg5+ Kxg5
50.c4 h4 51.c5 Nf5 52.Rxb7 Nd4+ 53.Kg2 Kf5 54.b4 Ke5 55.Rb6 Nc2 56.Kh3 Ke4
57.Kxh4  1-0

[Event "VII Lubuska Open"]
[Site "Gorzow POL"]
[Date "2011.04.20"]
[Round "1"]
[White "Klim,K"]
[Black "Kulwinski,M"]
[Result "1-0"]
[WhiteElo "2310"]
[BlackElo "1693"]

1.d4 d6 2.e4 Nf6 3.Nc3 Nbd7 4.f3 c6 5.Be3 Qc7 6.Qd2 e5 7.Nge2 Be7 8.g4 h6
9.Ng3 exd4 10.Bxd4 Ne5 11.Be2 Be6 12.Nf5 Bf8 13.O-O-O b5 14.g5 Nfd7 15.f4 Nc4
16.Bxc4 Bxc4 17.Nxg7+ Kd8 18.Nf5 Rh7 19.e5 d5 20.e6 fxe6 21.g6 Nb6 22.gxh7 Qxh7
23.Ng3 b4 24.Nce4 Kc8 25.Nc5 a5 26.Nxe6 Kb7 27.Nxf8 Rxf8 28.Bxb6 Kxb6 29.Rhe1 a4
30.Qxb4+  1-0

[Event "ch-FRA u20b"]
[Site "Montlucon FRA"]
[Date "2011.04.20"]
[Round "5.5"]
[White "Nooshian,K"]
[Black "Stephan,V"]
[Result "1/2-1/2"]
[WhiteElo "2011"]
[BlackElo "2278"]

1.e4 d6 2.d4 Nf6 3.Nc3 e5 4.Nf3 Nbd7 5.Be2 Be7 6.O-O O-O 7.Be3 c6 8.a4 b6
9.dxe5 dxe5 10.Bc4 Qc7 11.Qe2 a6 12.Rfd1 Bb7 13.g3 b5 14.axb5 axb5 15.Rxa8 Rxa8
16.Bd3 Ng4 17.Bd2 Nc5 18.h3 Nxd3 19.Qxd3 Nf6 20.Bg5 b4 21.Bxf6 Bxf6 22.Nb1 h5
23.c3 Rd8 24.Qc2 c5 25.Rxd8+ Qxd8 26.cxb4 cxb4 27.Nbd2 Bc8 28.h4 Bg4 29.Kg2 Qd6
30.Nc4 Qb8 31.b3 Be6 32.Qd3 Qc7 33.Nfd2 g5 34.Qf3 Qd8 35.Qxh5 gxh4 36.gxh4 Qd4
37.Qh6 Bxc4 38.Nxc4 Qxe4+ 39.Kg3 Bg7 40.Qe3 Qd5 41.Qb6 f5 42.Qd6 Qe4 43.Qd8+ Kh7
44.Qg5 Qd3+ 45.Kg2 Qd5+ 46.Kg1 Qd1+ 47.Kg2 Qd5+ 48.Kg1 Qe6 49.h5 f4 50.f3 Qa6
51.Kg2 Qa2+ 52.Kh3 Qb2 53.Kg4 Qg2+ 54.Kf5 Qc2+ 55.Ke6 Qxb3 56.Qg6+ Kh8 57.Qe8+ Kh7
58.Qg6+ Kg8 59.Qf7+ Kh8 60.Qe8+  1/2-1/2

[Event "Branko Vukmanovic Mem Open"]
[Site "Tivat MNE"]
[Date "2011.04.20"]
[Round "5.20"]
[White "Trpkovic,M"]
[Black "Sirletti,S"]
[Result "1/2-1/2"]
[WhiteElo "2009"]
[BlackElo "1907"]

1.e4 d6 2.d4 Nf6 3.Nc3 Nbd7 4.Bc4 e5 5.Nf3 Be7 6.O-O O-O 7.h3 a6 8.Re1 b5
9.Bd3 Bb7 10.Qe2 exd4 11.Nxd4 c5 12.e5 dxe5 13.Nf5 c4 14.Nxe7+ Qxe7 15.Bf5 Rfe8
16.Bg5 Nc5 17.Qe3 Ncd7  1/2-1/2

[Event "XXV Catalunya Open"]
[Site "Barcelona ESP"]
[Date "2011.04.21"]
[Round "6"]
[White "Slimani,Ab"]
[Black "Martin Consuegra Barrilero,J"]
[Result "1/2-1/2"]
[WhiteElo "2058"]
[BlackElo "1884"]

1.e4 d6 2.d4 Nf6 3.Nc3 e5 4.Nf3 Nbd7 5.Bg5 Be7 6.Bc4 c6 7.Bb3 O-O 8.O-O exd4
9.Nxd4 Nc5 10.Qe1 Nxb3 11.axb3 h6 12.Bh4 Re8 13.f3 d5 14.e5 Nh7 15.Bxe7 Rxe7
16.Qg3 Qb6 17.Rad1 Bd7 18.Kh1 Rae8 19.f4 f6 20.Nf3 Bf5  1/2-1/2

[Event "Doeberl Cup Premier"]
[Site "Canberra AUS"]
[Date "2011.04.21"]
[Round "1.1"]
[White "Broekhuyse,P"]
[Black "Hansen,SuB"]
[Result "0-1"]
[WhiteElo "2104"]
[BlackElo "2603"]

1.e4 d6 2.d4 Nf6 3.Nc3 e5 4.Nf3 Nbd7 5.Bc4 Be7 6.O-O O-O 7.h3 c6 8.a4 a5
9.Re1 Nb6 10.Bf1 exd4 11.Nxd4 d5 12.e5 Ne8 13.Bf4 g6 14.Bh6 Ng7 15.f4 Bc5
16.Bg5 Qc7 17.Ne2 Nd7 18.Kh1 f6 19.Bh6 Re8 20.Bxg7 Kxg7 21.e6 Nf8 22.f5 gxf5
23.Nxf5+ Kh8 24.Neg3 Bxe6 25.Qf3 Bxf5 26.Nxf5 Ng6 27.Qc3 Re5 28.Rxe5 Qxe5
29.Qxc5 Qxf5 30.Bd3 Qe5 31.Rf1 Kg7 32.Qb6 Qe7 33.b3 Ne5 34.Bf5 Kh8 35.Qe3 Re8
36.Qg3 Rg8 37.Qh4 Rg5 38.Qd4 Nf7 39.Bd3 Re5 40.Qa7 Nd6 41.Qxa5 Ne4 42.Qe1 Qg7
43.Bxe4 dxe4 44.Qe3 Qe7 45.Kh2 Rd5 46.Rf2 Kg7 47.Rf4 f5 48.g4 Qd6 49.gxf5 Rd2+
50.Kg3 Rxc2 51.f6+ Kf8 52.Qxe4 Rc3+ 53.Kh4 Rxb3 54.Qc4 c5 55.Qxb3 Qxf4+ 56.Kh5 Qf5+
57.Kh4 Qxf6+ 58.Kg4 Qg6+ 59.Kf4 Qf6+ 60.Kg4 Qc6 61.Qc4 Ke7 62.Kg3 Qd6+ 63.Kf3 Qf6+
64.Kg3 Qe5+ 65.Kf3 Kd6 66.Qb5 Qd5+ 67.Kg3 c4 68.Qb4+ Kc6 69.Qe1 Qd3+ 70.Kg4 Kd7
71.Qb4 Qd1+ 72.Kg5 Qd5+ 73.Kg4 Kc6 74.Qf8 h5+ 75.Kh4 Qd4+ 76.Kxh5 Qc5+ 77.Qxc5+ Kxc5  0-1

[Event "34th Open"]
[Site "Donostia ESP"]
[Date "2011.04.21"]
[Round "6"]
[White "Pap,M"]
[Black "Tratar,M"]
[Result "1-0"]
[WhiteElo "2496"]
[BlackElo "2482"]

1.e4 d6 2.d4 Nf6 3.Nc3 e5 4.Nf3 Nbd7 5.g4 Nxg4 6.Rg1 Ngf6 7.Bc4 h6 8.Be3 c6
9.dxe5 dxe5 10.Qd3 b5 11.Bb3 Qa5 12.O-O-O Ba6 13.Nd2 Rd8 14.Kb1 Nc5 15.Qf1 Nxb3
16.Nxb3 Rxd1+ 17.Qxd1 Qc7 18.f4 Nd7 19.fxe5 Nxe5 20.Qf1 Bc8 21.Bf4 a6 22.Nd4 f6
23.Bxe5 fxe5 24.Nf5 g5 25.Qe2 Be6 26.a4 Rh7 27.Qh5+ Qf7 28.Qh3 b4 29.Nd1 Bxf5
30.exf5 Bc5 31.Re1 Qf6 32.Qd3 Re7 33.Qxa6 Kf8 34.Qc4 Qd6 35.Ne3 e4 36.Rd1  1-0

[Event "34th Open"]
[Site "Donostia ESP"]
[Date "2011.04.21"]
[Round "6"]
[White "Perez Calahorra,R"]
[Black "Nogues Fernandez,R"]
[Result "1-0"]
[WhiteElo "2117"]
[BlackElo "1925"]

1.e4 d6 2.d4 Nf6 3.Nc3 e5 4.d5 c6 5.Bd3 Be7 6.Nge2 Nbd7 7.O-O O-O 8.a4 a5
9.Ng3 Nc5 10.Be2 Qb6 11.Ra3 Qb4 12.Be3 Nfxe4 13.Ncxe4 Nxe4 14.c3 Qxb2 15.Rb3 Nxc3
16.Rxb2 Nxd1 17.Rxd1 f5 18.Bb6 Bd7 19.Bc4 Kh8 20.Ra2 g5 21.Ne2 Rfc8 22.Rb1 cxd5
23.Bxd5 Bc6 24.Be6 Rf8 25.Ng3 f4 26.Nh5 Bd8 27.g4 Bxb6 28.Rxb6 Rae8 29.Bf5 e4
30.Kf1 d5 31.Rab2 Re7 32.Rd2 e3 33.Rd4 exf2 34.Kxf2 Rfe8 35.Bd3 Re5 36.Rb1 R8e7
37.Rh1 Kg8 38.Nf6+ Kg7 39.Nxh7 Kg8 40.Nf6+ Kf7 41.Nh5 Re3 42.h4 gxh4 43.Rxf4+ Kg8
44.Nf6+ Kg7 45.Nh5+ Kg8 46.Rd4 Bxa4 47.Nf6+ Kg7 48.Nxd5 Rxd3 49.Rxd3 Rf7+
50.Ke3 Bc6 51.Rxh4 a4 52.Kd4 Rd7 53.Kc5 Rd8 54.Nb4 Rxd3 55.Nxd3 Kf6 56.Rh5 Bf3
57.Rf5+  1-0

[Event "34th Open"]
[Site "Donostia ESP"]
[Date "2011.04.21"]
[Round "6"]
[White "Prosviriakov,V"]
[Black "Smith,Mat"]
[Result "1/2-1/2"]
[WhiteElo "2254"]
[BlackElo "2019"]

1.e4 d6 2.d4 Nf6 3.Nc3 Nbd7 4.g4 h6 5.g5 hxg5 6.Bxg5 e5 7.Nf3 c6 8.Qd2 Be7
9.Rg1 Qc7 10.Be2 b5 11.a3 a6 12.h4 Bb7 13.O-O-O O-O-O 14.Qe3 Kb8 15.Kb1 Rde8
16.Qd2 Rd8 17.Qc1 Ka8 18.Be3 g6 19.Ng5 Rdf8 20.Rh1 Nh5 21.Qd2 Ndf6 22.Rdg1 Kb8
23.Bd3 Bc8 24.f3 Ka8 25.Bf1 Kb8 26.a4 b4 27.Nd1 a5 28.dxe5 dxe5 29.Bc4 Bd8
30.Qf2 Nh7 31.Bc5 Nxg5 32.hxg5 Re8 33.Qe3 Nf4 34.Rxh8 Rxh8 35.Nf2 Ne6 36.Bxe6 Bxe6
37.Rd1 Kb7 38.Bd6 Qb6 39.Bc5 Qc7 40.Qd2 Be7 41.Nd3 Bc4 42.Qe3 Rd8 43.Bxe7 Qxe7
44.b3 Bxd3 45.Rxd3 Rxd3 46.Qxd3 Kb6 47.Qd2 Kb7 48.f4 exf4 49.Qxf4 Qe6 50.e5 Kb6
51.Qd4+ Kb7 52.Kc1 Qf5 53.Qe3 Qf1+ 54.Kd2 Qg2+ 55.Kd3 Qd5+  1/2-1/2

[Event "34th Open"]
[Site "Donostia ESP"]
[Date "2011.04.21"]
[Round "7"]
[White "Navarrete Espi,S"]
[Black "Llaneza Vega,M"]
[Result "0-1"]
[WhiteElo "2127"]
[BlackElo "2473"]

1.e4 d6 2.d4 Nf6 3.Nc3 e5 4.Nf3 Nbd7 5.Bc4 Be7 6.O-O O-O 7.Re1 c6 8.a4 b6
9.Ba2 Bb7 10.dxe5 dxe5 11.Nh4 Bb4 12.Qf3 Nc5 13.Bg5 Ne6 14.Rad1 Nd4 15.Qe3 h6
16.Nf5 hxg5 17.Qxg5 Ne8 18.Qh5 Bc8 19.Re3 Bxf5 20.exf5 Nf6 21.Qg6 Bxc3 22.Rdd3 e4  0-1